[Event "KAZ Cup Women 2019"]
[Site "Almaty"]
[Date "2019.12.13"]
[Round "2.4"]
[White "Gvetadze, Sofio"]
[Black "Khomeriki, Nino"]
[Result "1/2-1/2"]
[WhiteElo "2301"]
[BlackElo "2355"]
[Annotator "NA RC"]
[PlyCount "139"]
[EventDate "2019.12.12"]
[EventType "tourn"]
[EventCountry "KAZ"]
[SourceTitle "playchess.com"]
[Source "ChessBase"]
[SourceQuality "1"]
[TimeControl "40/5400+30:1800+30"]

{[%evp 8,88,20,1,13,3,32767,32767,15,32767,17,32767,32767,39,38,32767,32767,32767,7,32767,9,0,21,0,0,0,56,0,0,-25,0,-22,22,0,7,-8,-6,-41,-25,-44,-12,-41,-33,-79,-16,-96,-88,-141,32767,-166,-173,32767,32767,-160,32767,-127,32767,-73,32767,32767,32767,32767,32767,-109,160,-187,165,156,165,108,148,22,21,24,21,29,28,27,29,26,26,21,26]} 1. e4 {[%emt 0:01:31]} e5 {[%emt 0:00:29]} 2. Nf3 {[%emt 0:00:09]} Nc6 {[%emt 0:00:06]} 3. Nc3 {[%emt 0:00:12]} Nf6 {[%emt 0:00:20]} 4. Bb5 {[%emt 0:00:07]} Bb4 {[%emt 0:00:43]} 5. O-O {[%emt 0:00:09]} O-O {[%emt 0:00:24]} 6. d3 {[%emt 0:00:06]} d6 {[%emt 0:00:47]} 7. Bg5 Bxc3 {[%emt 0:00:50]} 8. bxc3 {[%emt 0:00:17]} Bg4 (8... h6 $5 {[%cal Rh6g5]} 9. Be3 Ne7 $11) 9. h3 {[%emt 0:00:32]} Bh5 {[%emt 0:01:09]} 10. g4 {[%emt 0:00:56]} Bg6 {[%emt 0:00:08]} 11. Bxc6 {[%emt 0:00:05]} bxc6 {[%emt 0:00:05]} 12. Rb1 {[%emt 0:00:27] C49: Four Knights: 4 Bb5 Bb4} (12. Nd2 h6 13. Bh4 Bh7 14. Nc4 Qe7 15. Qf3 {½-½ (15) Smeets,J (2593)-Werle,J (2591) London 2008}) 12... Qe7 {[%emt 0:06:49]} 13. Qe2 $146 {[%emt 0:15:31]} ({Predecessor:} 13. c4 Qe6 14. Nd2 h5 15. f3 Rab8 16. Rb3 Rxb3 17. cxb3 Kh7 18. Kg2 Rh8 19. Rh1 d5 20. cxd5 cxd5 {½-½ (41) Michalko,P (1508)-Turkova,K (1604) Tatranska Lesna 2006}) 13... Rab8 {[%emt 0:02:37]} 14. a4 {[%emt 0:16:01]} Qe6 {[%emt 0:03:07]} 15. Bxf6 {[%emt 0:04:43]} Qxf6 {[%emt 0:00:37]} 16. Qe3 {[%emt 0:00:56]} a6 {[%emt 0:03:33]} ({Better is} 16... c5 $11) 17. Kg2 {[%emt 0:00:45]} c5 {[%emt 0:00:13]} 18. Rb3 {[%emt 0:15:26]} Qe7 {[%emt 0:04:10]} 19. Rfb1 {[%emt 0:00:54]} Rbc8 {[%emt 0:00:33]} 20. c4 {[%emt 0:00:39]} f6 {[%emt 0:08:08]} 21. a5 {[%emt 0:05:14]} Be8 {[%emt 0:01:29]} 22. Ng1 {[%emt 0:05:30]} Bc6 {[%emt 0:06:24]} 23. f3 {[%emt 0:00:24]} g6 {[%emt 0:00:15]} 24. Ne2 {[%emt 0:07:05]} f5 {[%emt 0:03:03]} 25. Kh2 {[%emt 0:00:19]} (25. Nc3 $11 {keeps the balance.}) 25... fxg4 {[%emt 0:01:00]} (25... Ba4 $17 26. R3b2 fxe4 27. Qxe4 Kg7) 26. fxg4 {[%emt 0:00:13]} (26. hxg4 $11 Bd7 27. Kg2) 26... Qh4 {[%emt 0:06:16]} 27. Ng3 {[%emt 0:03:54]} (27. Kg2 $142) 27... h5 {[%emt 0:09:32]} 28. gxh5 {[%emt 0:01:42] [#]} Bd7 $1 {[%emt 0:00:14]} 29. Nh1 {[%emt 0:00:31]} Qxh5 {[%emt 0:01:26]} 30. Rg1 {[%emt 0:14:37]} Kg7 {[%emt 0:28:09]} 31. Rg3 {[%emt 0:06:17]} Rf7 {[%emt 0:02:38]} 32. Rb7 {[%emt 0:01:34]} Bc6 {[%emt 0:04:23]} 33. Rb1 {[%emt 0:00:11]} Rcf8 {[%emt 0:00:43]} 34. Rbg1 {[%emt 0:00:14]} Rf3 {[%emt 0:03:18]} 35. Rxg6+ {[%emt 0:11:46]} (35. Rxf3 $11 Qxf3 36. Qxf3 Rxf3 37. Kg2) 35... Kh7 $2 {[%emt 0:05:45]} (35... Qxg6 $17 {stays on course.} 36. Rxg6+ Kxg6 37. Qg1+ Kf7) 36. Rg7+ {[%emt 0:00:05]} Kh8 {[%emt 0:00:01]} 37. Ng3 {[%emt 0:00:09]} Rxe3 {[%emt 0:01:34]} 38. Nxh5 {[%emt 0:00:09]} Be8 {[%emt 0:00:13] [#]} 39. R7g5 {[%emt 0:05:17]} (39. Ng3 $1 $16) 39... Rf2+ $1 {[%emt 0:00:13]} 40. R1g2 {[%emt 0:00:09]} Rxg2+ {[%emt 0:00:12]} 41. Kxg2 {[%emt 0:30:05]} Re2+ {[%emt 0:30:12]} 42. Kf3 {[%emt 0:01:18]} Rxc2 {[%emt 0:00:13]} 43. Nf6 {[%emt 0:00:08]} Bf7 {[%emt 0:00:04]} 44. h4 Rd2 $11 {[%emt 0:00:00]} 45. Ke3 {[%emt 0:00:00]} Rh2 {[%emt 0:00:00]} 46. h5 Rh3+ 47. Kd2 {[%emt 0:00:00]} Rf3 {[%emt 0:00:00]} 48. Rf5 {[%emt 0:00:00]} Rh3 {[%emt 0:00:00]} 49. Nd7 {[%emt 0:00:00]} Be6 {[%emt 0:00:00]} 50. Rf8+ {[%emt 0:00:00]} Kg7 {[%emt 0:00:00]} 51. Rc8 {[%emt 0:00:00]} Rf3 {[%emt 0:00:00]} 52. Rd8 {[%emt 0:02:42]} Bxd7 {[%emt 0:03:05]} 53. Rxd7+ {[%emt 0:00:05]} Rf7 {[%emt 0:00:03]} 54. Rd8 {[%emt 0:00:26]} Kh6 {[%emt 0:00:04]} 55. Rh8+ {[%emt 0:00:36]} Rh7 {[%emt 0:00:14]} 56. Ra8 {[%emt 0:00:19]} Kxh5 {[%emt 0:00:04]} 57. Rxa6 {[%emt 0:00:04]} Kg6 {[%emt 0:00:13]} 58. Ra8 {[%emt 0:00:28]} Kf6 {[%emt 0:00:16]} 59. Kc3 {[%emt 0:02:05]} Rh1 {[%emt 0:00:37]} 60. Kb2 {[%emt 0:00:14]} Rh2+ {[%emt 0:00:27]} 61. Kb3 {[%emt 0:00:27]} Rh1 {[%emt 0:00:39]} 62. Ka4 {[%emt 0:00:40]} Ke6 {[%emt 0:02:24]} 63. Rg8 {[%emt 0:02:11]} Kd7 {[%emt 0:03:47]} 64. Kb5 {[%emt 0:00:19]} Rb1+ {[%emt 0:00:06]} 65. Ka6 {[%emt 0:00:08]} Rb3 {[%emt 0:00:25]} 66. Rg3 {[%emt 0:00:41]} Ra3 {[%emt 0:00:39]} 67. Kb5 {[%emt 0:00:46]} Rb3+ {[%emt 0:00:13]} 68. Ka6 {[%emt 0:00:21]} Ra3 {[%emt 0:00:04]} 69. Kb5 {[%emt 0:00:10]} Rb3+ {[%emt 0:00:40]} 70. Ka6 {[%emt 0:01:18]} 1/2-1/2

[Event "KAZ Cup Women 2019"]
[Site "Almaty"]
[Date "2019.12.13"]
[Round "2.5"]
[White "Tomilova, Elena"]
[Black "Davletbayeva, Madina"]
[Result "1-0"]
[WhiteElo "2341"]
[BlackElo "2238"]
[Annotator "RC"]
[PlyCount "73"]
[EventDate "2019.12.12"]
[EventType "tourn"]
[EventCountry "KAZ"]
[SourceTitle "playchess.com"]
[Source "ChessBase"]
[SourceQuality "1"]
[TimeControl "40/5400+30:1800+30"]

1. d4 {[%emt 0:00:00]} Nf6 {[%emt 0:00:00]} 2. Nf3 {[%emt 0:00:00]} e6 {[%emt 0:00:06]} 3. e3 {[%emt 0:00:00]} b6 {[%emt 0:03:39]} 4. Bd3 {[%emt 0:00:01]} Bb7 {[%emt 0:00:18]} 5. O-O {[%emt 0:00:08]} c5 {[%emt 0:00:56]} 6. c4 {[%emt 0:00:15]} g6 {[%emt 0:07:25]} 7. Nc3 {[%emt 0:02:30]} Bg7 {[%emt 0:01:14]} 8. d5 {[%emt 0:05:31]} exd5 {[%emt 0:00:57]} 9. cxd5 {[%emt 0:00:22]} Nxd5 {[%emt 0:00:43]} 10. Nxd5 {[%emt 0:01:05]} Bxd5 {[%emt 0:00:12]} 11. Bxg6 {[%emt 0:02:15]} hxg6 {[%emt 0:00:43]} 12. Qxd5 {[%emt 0:00:08]} Nc6 {[%emt 0:00:28]} 13. e4 {[%emt 0:06:03]} Qe7 {[%emt 0:00:58]} 14. Bg5 {[%emt 0:06:44]} Qe6 {[%emt 0:03:04]} 15. Qd2 {[%emt 0:00:18]} Nd4 {[%emt 0:02:25]} 16. Nxd4 {[%emt 0:01:50]} Bxd4 {[%emt 0:00:48]} 17. a4 {[%emt 0:08:03]} Kf8 {[%emt 0:08:31]} 18. Rfe1 {[%emt 0:06:05]} Kg7 {[%emt 0:05:44]} 19. Be3 {[%emt 0:08:21]} Bxe3 {[%emt 0:06:53]} 20. Rxe3 {[%emt 0:00:35]} Qe5 {[%emt 0:05:10]} 21. h3 {[%emt 0:00:29]} Rad8 {[%emt 0:03:50]} 22. Rd1 {[%emt 0:01:16]} Rhe8 {[%emt 0:01:38]} 23. Qc2 {[%emt 0:03:26]} Re6 {[%emt 0:05:01]} 24. Rd5 {[%emt 0:05:20]} Qf6 {[%emt 0:00:23]} 25. Rf3 {[%emt 0:01:45]} Qe7 {[%emt 0:01:39]} 26. Qc3+ {[%emt 0:08:53]} Kg8 {[%emt 0:00:40]} 27. e5 {[%emt 0:02:40]} d6 {[%emt 0:03:27]} 28. Rfd3 {[%emt 0:00:36]} Rxe5 {[%emt 0:01:55]} 29. Qxe5 {[%emt 0:00:59]} dxe5 {[%emt 0:00:07]} 30. Rxd8+ {[%emt 0:00:04]} Kg7 {[%emt 0:00:05]} 31. R8d7 {[%emt 0:00:40]} Qg5 {[%emt 0:29:51]} 32. Rf3 {[%emt 0:01:03]} Qc1+ {[%emt 0:00:24]} 33. Kh2 {[%emt 0:00:05]} Qxb2 {[%emt 0:01:14]} 34. Rfxf7+ {[%emt 0:00:44]} Kg8 {[%emt 0:01:23]} 35. Rfe7 {[%emt 0:01:22]} Kf8 {[%emt 0:00:15]} 36. Rh7 {[%emt 0:00:32]} Kg8 {[%emt 0:00:14]} 37. Rdg7+ {[%emt 0:00:10]} 1-0

[Event "KAZ Cup Women 2019"]
[Site "Almaty"]
[Date "2019.12.14"]
[Round "3.1"]
[White "Davletbayeva, Madina"]
[Black "Dauletova, Gulmira"]
[Result "1/2-1/2"]
[WhiteElo "2238"]
[BlackElo "2250"]
[Annotator "TA"]
[PlyCount "72"]
[EventDate "2019.12.12"]
[EventType "tourn"]
[EventCountry "KAZ"]
[SourceTitle "playchess.com"]
[Source "ChessBase"]
[SourceQuality "1"]

{[%evp 19,72,14,29,10,8,9,14,0,13,7,44,52,63,29,43,34,79,80,115,109,102,112,114,106,104,101,105,98,117,110,130,106,158,80,60,14,82,57,65,0,75,0,67,69,51,0,64,60,62,0,53,0,57,0,41]} 1. e4 c5 2. Nf3 e6 3. c3 Nf6 4. e5 Nd5 5. d4 cxd4 6. cxd4 d6 7. Bc4 Be7 8. O-O Nc6 9. Qe2 O-O 10. Rd1 Na5 11. Bb5 {B22: Sicilian: 2 c3} (11. Bxd5 exd5 12. Nc3 Be6 13. Bf4 a6 14. h3 Re8 15. exd6 Bxd6 16. Bxd6 Qxd6 17. Qe5 Nc4 18. Qxd6 Nxd6 {½-½ (32) Nisipeanu,L (2672)-Grischuk,A (2785) Heraklio 2017}) 11... a6 12. Bd3 Nb4 13. exd6 Qxd6 14. Nc3 f5 $146 ({Predecessor:} 14... Nxd3 15. Rxd3 b5 16. Ne5 f6 17. Nf3 Bb7 18. d5 exd5 {1-0 (60) Karpatchev,A (2456)-Alaslar,D (2151) Istanbul 2012}) 15. Bb1 Bf6 16. Bg5 (16. a3 $5 {[%cal Ra3b4]} Nd5 17. Ba2 $14) 16... Bxg5 17. Nxg5 Nac6 18. a3 Nxd4 19. Rxd4 Qxd4 20. axb4 ({Don't blunder} 20. Nxe6 $2 Bxe6 21. Qxe6+ Kh8 $19) 20... Qf4 {[#] aiming for ...Qc1+.} 21. Qe3 ({But not} 21. Nxe6 $2 Qc1+ 22. Qf1 (22. Nd1 $2 Bxe6 23. h3 Rad8 $19) 22... Qxf1+ 23. Kxf1 Bxe6 $19) 21... Qxe3 22. fxe3 h6 23. Nf3 Rd8 24. Ba2 Rd6 25. Na4 Kf7 {[#]} (25... Kh7 $142 26. Ne5 Rb8) 26. Rc1 (26. Ne5+ $142 $1 Kf6 27. Nc4) 26... Kf6 $16 27. Rc7 Rd7 (27... Rc6 $11 {keeps the balance.} 28. Rxc6 bxc6) 28. Rc3 {Hoping for Nb6.} Rd6 29. Rc7 Rd7 30. Rc1 Rd6 $1 31. Bb3 $36 {[%mdl 2048] White is pushing.} Rb8 32. Rc7 (32. Kf2 $14) 32... Rd7 ({Better is} 32... Rc6 $11 33. Rxc6 bxc6) 33. Rc3 $14 Rd6 $1 34. Rc7 ({White should try} 34. Kf2 $14) 34... Rd7 (34... Rc6 $11 35. Rxc6 bxc6) 35. Rc1 {Strongly threatening Nb6.} Rd6 $1 36. Rc7 (36. Re1 $14) 36... Rd7 {Accuracy: White = 33%, Black = 59%.} 1/2-1/2

[Event "KAZ Cup Women 2019"]
[Site "Almaty"]
[Date "2019.12.14"]
[Round "3.2"]
[White "Khomeriki, Nino"]
[Black "Tomilova, Elena"]
[Result "1/2-1/2"]
[WhiteElo "2355"]
[BlackElo "2341"]
[Annotator "TA"]
[PlyCount "51"]
[EventDate "2019.12.12"]
[EventType "tourn"]
[EventCountry "KAZ"]
[SourceTitle "playchess.com"]
[Source "ChessBase"]
[SourceQuality "1"]

{[%evp 9,51,17,42,40,32,16,18,17,17,15,20,28,20,25,14,0,0,0,0,0,0,0,0,0,0,0,0,0,0,0,6,0,21,12,10,0,0,0,12,0,0,0,19,0]} 1. d4 Nf6 2. c4 e6 3. Nf3 b6 4. g3 Bb4+ 5. Bd2 c5 (5... a5 6. Bg2 Bb7 7. O-O O-O 8. Bf4 Be7 9. Qc2 Be4 10. Qc1 Bb7 11. Nc3 Ne4 12. Nb5 Na6 13. Ng5 d5 14. Nxe4 dxe4 15. Rd1 f5 16. d5 exd5 17. cxd5 Bxd5 18. Nxc7 Nxc7 19. Bxc7 {1-0 (41) Kryvoruchko,Y (2669)-Fedorchuk,S (2621) Mali Losinj 2019}) 6. Bxb4 {E15: Queen's Indian: 4 g3 sidelines, 4 g3 Ba6 and 4 g3 Bb7 early deviations} cxb4 7. Nbd2 Bb7 8. Qc2 O-O 9. Bg2 a5 10. O-O d6 11. e4 Nbd7 12. e5 {The position is equal.} dxe5 13. dxe5 Ng4 14. h3 $146 ({Predecessor:} 14. Rfe1 Nc5 15. h3 Nh6 16. Rad1 Qd3 17. Qc1 Rad8 {0-1 (42) Navumenka,M (2165)-Zarubitski,V (2416) Kobrin 2019}) 14... Ngxe5 15. Nxe5 Bxg2 16. Nxf7 $1 Rxf7 17. Kxg2 Qc7 18. Rae1 Nc5 19. Ne4 Qc6 20. f3 Rf5 21. Rf2 Rd8 22. Rd2 Rdf8 23. Rf2 Rd8 24. Rd2 Rdf8 25. Rf2 Rd8 26. Rd2 {Accuracy: White = 57%, Black = 91%.} 1/2-1/2

[Event "KAZ Cup Women 2019"]
[Site "Almaty"]
[Date "2019.12.14"]
[Round "3.3"]
[White "Balabayeva, Xeniya"]
[Black "Gvetadze, Sofio"]
[Result "1-0"]
[WhiteElo "2119"]
[BlackElo "2301"]
[Annotator "TA"]
[PlyCount "51"]
[EventDate "2019.12.12"]
[EventType "tourn"]
[EventCountry "KAZ"]
[SourceTitle "playchess.com"]
[Source "ChessBase"]
[SourceQuality "1"]

{[%evp 20,121,15,0,18,0,0,0,27,25,34,37,52,17,7,10,44,3,17,0,10,-10,16,-25,0,-43,-41,-42,0,0,0,1,20,-4,-6,-8,40,50,56,29,27,-30,0,-136,-82,-204,-97,-121,-126,-130,-47,-28,0,0,22,35,27,51,167,178,191,184,647,279,619,216,191,196,197,192,273,277,360,299,409,400,423,458,504,496,469,426,458,467,837,829,775,592,541,486,1322,1277,1222,1204,905,997,12838,12837,12842,12843,12843,12843,12844,12844]} 1. e4 c5 2. Nf3 Nc6 3. d4 cxd4 4. Nxd4 e6 5. Nc3 d6 6. Be3 Nf6 7. Be2 Be7 8. Qd2 a6 9. f4 Qc7 10. O-O O-O 11. a4 Re8 {B85: Sicilian Scheveningen: 6 Be2 a6, lines with early Be3} (11... Bd7 12. Nb3 b6 13. g4 d5 14. e5 Ne8 15. Nd4 Bc5 16. Nxc6 Bxc6 17. Bd4 Bb7 18. Rfd1 f6 19. Qe3 fxe5 20. fxe5 Rc8 {1-0 (74) Kovalev,V (2683)-Drygalov,A (2481) St Petersburg 2018}) 12. h3 Bd7 13. Nb3 b6 $146 {The position is equal.} ({Predecessor:} 13... Rac8 14. a5 Nb4 15. Bb6 Qb8 16. Rae1 Bc6 17. Nd4 d5 18. Bd3 dxe4 19. Nxc6 Rxc6 20. Nxe4 {½-½ (56) Randolph,D (1862)-Galvin,J (1990) ICCF email 2011}) 14. Bf3 Rab8 15. g4 {aiming for g5.} Bc8 16. Qg2 Nd7 17. g5 Bf8 18. Kh1 Nc5 19. Rad1 Bb7 20. h4 Rbd8 21. Rfe1 Nb4 22. Qf2 (22. Rd4 $5 {[%cal Rd4b4]} Nc6 23. Rd2 $11) 22... d5 {[%cal Rc5e4]} 23. e5 Nxc2 24. Bxc5 Nxe1 25. Bxb6 Qc4 26. Nd2 {Played: Nb3-a5} 1-0

[Event "KAZ Cup Women 2019"]
[Site "Almaty"]
[Date "2019.12.14"]
[Round "3.4"]
[White "Kim, Kristina"]
[Black "Nakhbayeva, Guliskhan"]
[Result "0-1"]
[WhiteElo "1975"]
[BlackElo "2296"]
[Annotator "TA"]
[PlyCount "62"]
[EventDate "2019.12.12"]
[EventType "tourn"]
[EventCountry "KAZ"]
[SourceTitle "playchess.com"]
[Source "ChessBase"]
[SourceQuality "1"]

{[%evp 11,62,0,8,0,30,35,28,31,22,21,27,25,33,33,33,28,27,38,69,53,64,64,54,22,24,0,0,0,0,-106,-103,-237,-237,-231,-224,-222,-214,-477,-472,-415,-348,-436,-457,-961,-470,-538,-550,-532,-536,-29988,-29989,-29989,-29988]} 1. d4 Nf6 2. Bf4 d5 3. e3 c5 4. c3 Nc6 5. Nd2 Bf5 6. Ngf3 e6 7. Nh4 {D00: 1 d4 d5: Unusual lines} Bg4 8. Qb3 {h3 is the strong threat.} Qd7 9. h3 {White has an edge.} Bh5 10. g4 Bg6 11. Nxg6 hxg6 12. g5 $146 ({Predecessor:} 12. Bg2 Be7 13. Bg3 cxd4 14. exd4 b6 {1-0 (55) Karjakin,S (2763)-Praggnanandhaa,R (2507) Moscow 2018}) 12... Nh5 13. Bh2 cxd4 14. cxd4 Bd6 15. Bxd6 Qxd6 16. Rc1 Rb8 17. Bb5 O-O 18. Bxc6 bxc6 19. Qc3 Rfe8 20. Nf3 {[#]} (20. Rg1 $11 {remains equal.}) 20... Ng3 $1 $17 {[%cal Rg3h1][%mdl 512]} 21. fxg3 (21. Rg1 $17 Ne4 22. Qc2) 21... Qxg3+ $19 {[%mdl 64] Double Attack} 22. Ke2 {aiming for Rh2.} Qg2+ 23. Kd3 Qxf3 24. Rhf1 $2 (24. Rcf1 {might work better.} Qe4+ 25. Kd2) 24... Qe4+ 25. Ke2 e5 {Hoping for ...exd4.} 26. dxe5 Rxe5 {And now ...d4! would win.} 27. Rf3 (27. Rc2 $142) 27... Rxg5 (27... d4 $142 28. Qd2 dxe3) 28. Rf4 Qg2+ 29. Kd3 Rxb2 {( -> ...Qe2+)} 30. Qa5 Qe2+ 31. Kd4 Rd2+ {Accuracy: White = 26%, Black = 66%.} 0-1

[Event "KAZ Cup Women 2019"]
[Site "Almaty"]
[Date "2019.12.14"]
[Round "3.5"]
[White "Ankudinova, Yelena"]
[Black "Gevorgyan, Maria"]
[Result "1-0"]
[WhiteElo "2093"]
[BlackElo "2255"]
[Annotator "TA"]
[PlyCount "65"]
[EventDate "2019.12.12"]
[EventType "tourn"]
[EventCountry "KAZ"]
[SourceTitle "playchess.com"]
[Source "ChessBase"]
[SourceQuality "1"]

{[%evp 11,81,-14,-10,-62,-20,-36,0,-2,27,28,83,93,456,461,459,461,450,458,531,533,527,346,342,357,341,351,307,324,335,207,323,332,317,311,288,252,260,242,608,595,610,592,692,689,660,633,633,634,707,677,853,829,1156,1110,1135,931,1426,1402,29987,29988,29989,29990,29995,29996,29996,29990,29990,29991,29991,29991,29993,29994]} 1. c4 e5 2. Nc3 Nf6 3. Nf3 Nc6 4. e3 Bb4 5. Nd5 e4 6. Ng1 O-O 7. f3 $146 {A28: English Opening: Four Knights Variation} (7. Qc2 $11) ({Predecessor:} 7. a3 Bd6 8. Nxf6+ Qxf6 9. f4 exf3 10. Nxf3 Ne5 11. d4 Nxf3+ 12. Qxf3 Qxf3 13. gxf3 c5 14. dxc5 Bxc5 15. b4 Bb6 {½-½ (64) Carlsen,M (2875)-Ding,L (2805) Stavanger 2019}) 7... d6 8. fxe4 Nxe4 {next ...Qh4+ is good for Black.} 9. Nf3 {The position is equal.} Bg4 10. Be2 Bxf3 (10... Re8 $11 {keeps the balance.}) 11. Bxf3 $16 Qh4+ $2 {[%mdl 8192]} (11... f5 $16 {is more resistant.}) 12. g3 $18 Nxg3 13. hxg3 Qxg3+ 14. Ke2 (14. Kf1 h6 $18) 14... Rfe8 {[#] intending ...Nd4+.} 15. Nf6+ $1 {[%mdl 512]} Kf8 {White must now prevent ...Nd4+.} (15... gxf6 16. Rg1) 16. Nxe8 Nd4+ 17. exd4 Rxe8+ 18. Kf1 Re6 19. Rg1 $1 {[%cal Rg1g3]} (19. Rxh7 $2 Kg8 $19) 19... Qh3+ 20. Rg2 {Threatens to win with a3.} Qh1+ {[#]} (20... c6 $142 21. Kg1 Qh4) 21. Kf2 $1 Qh4+ {[#]} 22. Rg3 $1 ({Don't play} 22. Kf1 $6 Qh1+ 23. Kf2 Qh4+ 24. Rg3 (24. Kf1 Qh1+ $16) 24... Rg6 $18) 22... Rg6 23. Qg1 {Hoping for Qg2.} Qxd4+ 24. Kf1 Qxc4+ $2 (24... Qf4 25. d4 (25. Qxa7 $2 Rxg3 26. Ke1 Qxf3 $19) 25... Qxg3 26. Qxg3 Rxg3) 25. Kg2 Bc5 26. Qd1 Re6 27. Rg4 Qd3 28. Qf1 Qf5 29. d4 Bb6 30. Bd2 h5 31. Rf4 Qg6+ 32. Kh2 Qc2 {[#]} 33. Qg2 {Played: Rf4xf7} 1-0

[Event "KAZ Cup Women 2019"]
[Site "Almaty"]
[Date "2019.12.14"]
[Round "4.1"]
[White "Dauletova, Gulmira"]
[Black "Gevorgyan, Maria"]
[Result "1-0"]
[WhiteElo "2250"]
[BlackElo "2255"]
[Annotator "TA"]
[PlyCount "75"]
[EventDate "2019.12.12"]
[EventType "tourn"]
[EventCountry "KAZ"]
[SourceTitle "playchess.com"]
[Source "ChessBase"]
[SourceQuality "1"]

{[%evp 14,75,7,6,33,24,17,21,66,55,63,56,133,125,152,145,131,74,74,74,296,292,291,277,537,534,536,527,519,534,553,553,577,581,581,581,752,745,834,822,784,788,882,889,818,837,692,561,546,520,512,443,679,679,728,733,709,563,710,713,1927,1283,738,738]} 1. e4 c5 2. Nf3 Nc6 3. d4 cxd4 4. Nxd4 g6 5. Nc3 Bg7 6. Be3 Nf6 7. Bc4 O-O 8. Bb3 Re8 {B35: Sicilian: Accelerated Dragon with 5 Nc3: main line} 9. f3 e6 (9... d5 10. exd5 Nb4 11. Nde2 e6 12. d6 Nbd5 13. Bd4 Qxd6 14. Bxd5 exd5 15. Qd2 b5 16. Nxb5 {½-½ (26) Caruana,F (2819)-Dubov,D (2700) Paris 2019}) 10. f4 d5 {The position is equal.} 11. e5 $1 {[%cal Re5f6]} Nd7 12. h4 f6 $146 {[#]} ({Black should try} 12... Nxd4 $14 13. Bxd4 f6) ({Predecessor:} 12... Nb6 13. h5 Bd7 14. hxg6 hxg6 15. Qg4 Nxd4 16. Bxd4 {1-0 (32) Geller,J (2518)-Zwardon,V (2424) Pardubice 2018}) 13. Nxe6 $1 $16 Rxe6 14. Qxd5 Nf8 {[%cal Rf6e5]} 15. O-O-O ({Better is} 15. Qxd8 Nxd8 16. Nd5 fxe5 {[#]} 17. f5 $1 {[%mdl 512]} gxf5 18. Nc7 {[%mdl 64] Double Attack, Pin}) 15... Qxd5 16. Nxd5 fxe5 $2 (16... Na5 $16) 17. Nc7 $1 $18 {[%csl LRa8,LRe6][%mdl 64] Double Attack, Pin} Rb8 18. Bc5 Nd4 $2 (18... exf4 {was necessary.} 19. Rhe1 {[%mdl 64] Pin} Bf6) 19. Rxd4 $1 {White is clearly winning.} ({And not} 19. Nxe6 Nxb3+ 20. axb3 Bxe6 $17) ({Not} 19. Bxe6+ Bxe6 20. Bxf8 (20. Bxa7 Rc8 $14) 20... Rxf8 $16) 19... exd4 20. Bxa7 Kh8 21. Bxe6 Nxe6 22. Bxb8 Nxf4 23. Re1 {And now Re8+ would win.} Bd7 24. g3 Ng2 25. Re7 Bc6 26. Ne8 Bh6+ 27. Kb1 {White wants to mate with Be5+.} Ne3 28. Be5+ {[%mdl 64] Double Attack} Kg8 29. Nf6+ Kf8 30. Rxh7 {[%cal Re5d6]} Bg7 31. Bxd4 Nf5 32. Be5 Kf7 (32... Bxf6 $142 33. Bxf6 Nxg3) 33. h5 Ke6 34. Rxg7 gxh5 35. Nxh5 Kxe5 36. Rg5 Ke4 37. Nf6+ Ke5 38. g4 {[%mdl 64] Pin. Accuracy: White = 80%, Black = 30%.} 1-0

[Event "KAZ Cup Women 2019"]
[Site "Almaty"]
[Date "2019.12.14"]
[Round "4.2"]
[White "Nakhbayeva, Guliskhan"]
[Black "Ankudinova, Yelena"]
[Result "1-0"]
[WhiteElo "2296"]
[BlackElo "2093"]
[Annotator "NA RC"]
[PlyCount "33"]
[EventDate "2019.12.12"]
[EventType "tourn"]
[EventCountry "KAZ"]
[SourceTitle "playchess.com"]
[Source "ChessBase"]
[SourceQuality "1"]
[TimeControl "40/5400+30:1800+30"]

1. d4 {[%emt 0:00:00]} d5 {[%emt 0:00:17]} 2. c4 {[%emt 0:00:00]} c6 {[%emt 0:00:11]} 3. Nc3 {[%emt 0:00:05]} Nf6 {[%emt 0:00:09]} 4. e3 {[%emt 0:00:32]} g6 {[%emt 0:00:59]} 5. Nf3 {[%emt 0:00:24]} Bg7 {[%emt 0:00:11]} 6. Bd3 {[%emt 0:00:17]} O-O {[%emt 0:04:49]} 7. h3 {[%emt 0:00:37]} Bf5 {[%emt 0:01:04]} 8. Bxf5 {[%emt 0:03:01]} gxf5 {[%emt 0:00:02]} 9. Qc2 {[%emt 0:06:40]} dxc4 {[%emt 0:09:21]} 10. Qxf5 Na6 {[%emt 0:13:59]} 11. Ne5 {[%emt 0:10:02]} c5 $14 {[%emt 0:00:57]} 12. O-O {[%emt 0:03:57]} ({Of course not} 12. Nxc4 cxd4 13. exd4 Qxd4 $15) 12... cxd4 {[%emt 0:05:17]} 13. exd4 {[%emt 0:00:04]} e6 14. Qg5 Rc8 {[%emt 0:15:27]} 15. Qg3 {[%emt 0:16:07]} Qxd4 {[%emt 0:08:10]} 16. Rd1 {[%emt 0:12:27]} Nh5 {[%emt 0:01:45]} 17. Qxg7+ {[%emt 0:00:25]} 1-0